K̲h̲vāb-i javānī. (Record no. 64867)

MARC details
000 -LEADER
fixed length control field 00557cam a22002291 4500
001 - CONTROL NUMBER
control field sa 65006780
003 - CONTROL NUMBER IDENTIFIER
control field DLC
005 - DATE AND TIME OF LATEST TRANSACTION
control field 20260227112145.0
008 - FIXED-LENGTH DATA ELEMENTS--GENERAL INFORMATION
fixed length control field 950622s1962 pk 000 0 urdo
010 ## - LIBRARY OF CONGRESS CONTROL NUMBER
LC control number sa 65006780
025 ## - OVERSEAS ACQUISITION NUMBER
Overseas acquisition number PL480:I-U-460
035 ## - SYSTEM CONTROL NUMBER
System control number (OCoLC)32693343
040 ## - CATALOGING SOURCE
Original cataloging agency DLC
Transcribing agency CU
Modifying agency CU
-- DLC
042 ## - AUTHENTICATION CODE
Authentication code premarc
050 00 - LIBRARY OF CONGRESS CALL NUMBER
Classification number PK2200.A7
Item number K54
100 1# - MAIN ENTRY--PERSONAL NAME
Personal name Aslam, Muhammad,
Dates associated with a name 1885-
245 10 - TITLE STATEMENT
Title K̲h̲vāb-i javānī.
260 ## - PUBLICATION, DISTRIBUTION, ETC.
Date of publication, distribution, etc. [1962?
300 ## - PHYSICAL DESCRIPTION
Extent 240 p.
Dimensions 19 cm.
500 ## - GENERAL NOTE
General note In Urdu.
500 ## - GENERAL NOTE
General note Text partially vocalized.

No items available.

Powered by Koha